MARC details
| 000 -CABECERA |
| campo de control de longitud fija |
01110nam a22002417a 4500 |
| 003 - IDENTIFICADOR DEL NÚMERO DE CONTROL |
| campo de control |
DO-SdBNP |
| 005 - FECHA Y HORA DE LA ÚLTIMA TRANSACCIÓN |
| campo de control |
20230417111537.0 |
| 007 - CAMPO FIJO DE DESCRIPCIÓN FÍSICA--INFORMACIÓN GENERAL |
| campo de control de longitud fija |
ta |
| 008 - DATOS DE LONGITUD FIJA--INFORMACIÓN GENERAL |
| campo de control de longitud fija |
210625b 2017 dr a 00| 0 eng d |
| 040 ## - FUENTE DE LA CATALOGACIÓN |
| Centro catalogador/agencia de origen |
DO-SdBNP |
| Lengua de catalogación |
spa |
| Centro/agencia transcriptor |
BNPHU |
| 082 #4 - NÚMERO DE LA CLASIFICACIÓN DECIMAL DEWEY |
| Número de edición |
22 |
| 245 00 - MENCIÓN DE TÍTULO |
| Título |
Inventario de los instrumentos jurídicos relacionados con la conservación de la biodiversidad costero marino y turismo en República Dominicana : |
| Resto del título |
Proyecto Biodiversidad Costera y Turismo: una oportunidad para el desarrollo / |
| Mención de responsabilidad, etc. |
coordinación ; Johathan Delance F. ; fotografías: Zoraida A. Zapata L… [et al.]. |
| 260 ## - PUBLICACIÓN, DISTRIBUCIÓN, ETC. |
| Lugar de publicación, distribución, etc. |
Santo Domingo : |
| Nombre del editor, distribuidor, etc. |
Ministerio de Medio Ambiente y Recursos Naturales, |
| Fecha de publicación, distribución, etc. |
2017. |
| 300 ## - DESCRIPCIÓN FÍSICA |
| Extensión |
28 p. : |
| Otras características físicas |
il. ; |
| Dimensiones |
28 cm. |
| 500 ## - NOTA GENERAL |
| Nota general |
Proyecto Biodiversidad Costera y Turismo: una oportunidad para el desarrollo sostenible |
| 590 ## - NOTA LOCAL (RLIN) |
| Nota local |
Inventariado, 2021 /LP<br/><br/> |
| 700 1# - PUNTO DE ACCESO ADICIONAL--NOMBRE DE PERSONA |
| Nombre de persona |
Delance, Johathan, |
| Término indicativo de función/relación |
coor. |
| 9 (RLIN) |
78804 |
| 700 1# - PUNTO DE ACCESO ADICIONAL--NOMBRE DE PERSONA |
| Nombre de persona |
Zapata L., Zoraida A. |
| Término indicativo de función/relación |
fot. |
| 9 (RLIN) |
78804 |
| 700 1# - PUNTO DE ACCESO ADICIONAL--NOMBRE DE PERSONA |
| Nombre de persona |
Álvarez, José Alejandro, |
| Término indicativo de función/relación |
fot. |
| 9 (RLIN) |
78805 |
| 700 1# - PUNTO DE ACCESO ADICIONAL--NOMBRE DE PERSONA |
| Nombre de persona |
Castillo, Anatheydi, |
| Término indicativo de función/relación |
fot. |
| 9 (RLIN) |
78806 |
| 700 1# - PUNTO DE ACCESO ADICIONAL--NOMBRE DE PERSONA |
| Nombre de persona |
Núñez, Jimmi, |
| Término indicativo de función/relación |
fot. |
| 9 (RLIN) |
78807 |
| 942 ## - ELEMENTOS DE PUNTO DE ACCESO ADICIONAL (KOHA) |
| Fuente del sistema de clasificación o colocación |
Dewey Decimal Classification |
| Tipo de ítem Koha |
Folleto |